Т. 6 : Литература о жизни и деятельности В. И. Ленина 1968 - 1971: Ч. 1 (апрель 1870-1917 г.); Лениниана

Dades bibliogràfiques
Parent link:Лениниана: библиографический указатель произведений В. И. Ленина и литературы о нем/ Институт марксизма-ленинизма при ЦК КПСС ; Государственная библиотека СССР им. В.И. Ленина ; под ред. Л. М. Трофимовой. Т. 6 : Литература о жизни и деятельности В. И. Ленина 1968 - 1971 (Ч. 1, апрель 1870-1917 г.).— , 1971-.— 5-7000-0107-1
Idioma:rus
Publicat: 1983
Matèries:
Format: Llibre
KOHA link:https://koha.lib.tpu.ru/cgi-bin/koha/opac-detail.pl?biblionumber=304277

MARC

LEADER 00000nam2a2200000 4500
001 304277
005 20260325171643.0
010 |a 5700001845 
035 |a (RuTPU)RU\TPU\book\329512 
035 |a RU\TPU\book\181976 
090 |a 304277 
100 |a 20150911g1983 km y0rusy5003 ca 
101 0 |a rus 
102 |a RU 
105 |a y ak 001zb 
200 0 |a Т. 6 : Литература о жизни и деятельности В. И. Ленина 1968 - 1971  |e Ч. 1 (апрель 1870-1917 г.) 
210 |d 1983 
215 |a 555 с. 
320 |a Библиогр.: с. 405-452 
461 1 |0 (RuTPU)RU\TPU\book\199421  |y 5-7000-0107-1  |t Лениниана  |o библиографический указатель произведений В. И. Ленина и литературы о нем  |f Институт марксизма-ленинизма при ЦК КПСС ; Государственная библиотека СССР им. В.И. Ленина ; под ред. Л. М. Трофимовой  |v Т. 6 : Литература о жизни и деятельности В. И. Ленина 1968 - 1971 (Ч. 1, апрель 1870-1917 г.)  |d 1971- 
600 1 |a Ленин  |b В. И.  |c настоящая фамилия Ульянов  |c российский политический деятель  |f 1870-1924  |g Владимир Ильич  |2 stltpush  |3 (RuTPU)RU\TPU\pers\1074  |9 486 
606 |a Ленин В. И.  |x Библиография произведений  |2 stltpush  |3 (RuTPU)RU\TPU\subj\74145  |9 86652 
606 |a Ленин В. И.  |x Жизнь и деятельность  |j Библиография  |9 89214 
610 1 |a библиографические указатели 
610 1 |a произведения 
610 1 |a литература 
610 1 |a документы 
610 1 |a лениниана 
610 1 |a жизнедеятельность 
610 1 |a 19 век 
610 1 |a 20 век 
610 1 |a история 
610 1 |a библиографические пособия 
686 |2 rubbk  |a Т3(2)6-8Ленин195 
686 |2 rubbk  |a Т3(2)6-8Ленин35 
801 0 |a RU  |b RuMRKP  |c 19950417  |g psbo 
801 1 |a RU  |b 63413507  |c 20091020 
801 2 |a RU  |b 63413507  |c 20190826  |g RCR 
942 |c BK